Corto viaggio sentimentale /
Un breve viaggio di lavoro è l'occasione che l'anziano signor Aghios attendeva da tempo. Finalmente staccatosi dalla moglie, può concedersi di assaporare piccole, innocue promesse di libertà. Ma è una libertà che si sostanzia di sensazioni e di pensieri, più che di azioni concrete: il protagonista s...
Saved in:
| Hovedforfatter: | |
|---|---|
| Andre forfattere: | |
| Format: | Bog |
| Sprog: | italiensk |
| Udgivet: |
Roma :
TEN,
1992
|
| Serier: | Centopaginemillelire ;
9 |
| Tags: |
Ingen Tags, Vær først til at tagge denne postø!
|
MARC
| LEADER | 00000nam a22000007i 4500 | ||
|---|---|---|---|
| 001 | IT\ICCU\CFI\0250038 | ||
| 003 | ItRI | ||
| 005 | 20260115232310.0 | ||
| 008 | 931202s1992 it |||||| ||||| |||||c | ||
| 028 | 3 | 2 | |a 48 TEN 009 |
| 040 | |b ita |c importazione bologna sebina | ||
| 041 | 7 | |a ita |2 ISO-639-2 | |
| 082 | |a 853.912 |9 NARRATIVA ITALIANA. 1900-1945 |2 19 | ||
| 100 | 1 | |a Svevo, Italo |0 IT\ICCU\CFIV\007334 |4 aut | |
| 240 | 1 | 0 | |a Corto viaggio sentimentale |3 IT\ICCU\TSA\1382150 |9 Svevo, Italo |
| 245 | 1 | 0 | |a Corto viaggio sentimentale / |c Italo Svevo ; nota biobibliografica di Mario Lunetta. |
| 260 | |a Roma : |b TEN, |c 1992 | ||
| 300 | |a 96 p. ; |c 20 cm. | ||
| 520 | |a Un breve viaggio di lavoro è l'occasione che l'anziano signor Aghios attendeva da tempo. Finalmente staccatosi dalla moglie, può concedersi di assaporare piccole, innocue promesse di libertà. Ma è una libertà che si sostanzia di sensazioni e di pensieri, più che di azioni concrete: il protagonista senile di questo piccolo capolavoro, rimasto incompiuto, è insieme affascinato e distante da ciò che vorrebbe afferrare. | ||
| 700 | 1 | |a Lunetta, Mario |0 IT\ICCU\CFIV\011489 | |
| 790 | 1 | |a Schmitz, Ettore |3 IT\ICCU\CFIV\007335 |z Svevo, Italo | |
| 790 | 1 | |a Schmitz, Aron Hector |3 IT\ICCU\SBNV\003120 |z Svevo, Italo | |
| 790 | 1 | |a Zvevo, Italo |3 IT\ICCU\SBNV\057683 |z Svevo, Italo | |
| 790 | 1 | |a Samigli, Ettore |3 IT\ICCU\TSAV\562868 |z Svevo, Italo | |
| 830 | 0 | |a Centopaginemillelire ; |v 9 |0 IT\ICCU\RAV\0196182 | |
| 942 | |2 ddc |c BK |n 0 | ||
| 952 | |0 0 |1 0 |4 0 |6 DOC_853_912000000000000_SVE |7 0 |9 23788 |a BO |b BO |d 2026-01-15 |i 10274 |l 0 |o DOC 853.912 SVE |p BO10274 |r 2026-01-15 23:23:10 |w 2026-01-15 |x [Sebina 5] [1 v.] |y BK |z 1 v. | ||
| 999 | |c 20262 |d 20262 | ||